Emerging Micropollutants Biomonitoring in Peri-Urban Rivers in Kisumu City, Kenya, Using the African Catfish (Clarias gariepinus) as a Sentinel (Record no. 216003)

MARC details
000 -LEADER
fixed length control field 00767nam a22001577a 4500
008 - FIXED-LENGTH DATA ELEMENTS--GENERAL INFORMATION
fixed length control field 250808b |||||||| |||| 00| 0 eng d
050 ## - LIBRARY OF CONGRESS CALL NUMBER
Classification number THE TD 427 .P63 A39 2025
Item number C.1
100 ## - MAIN ENTRY--PERSONAL NAME
Personal name Akwir, Omondi Cornel
245 ## - TITLE STATEMENT
Title Emerging Micropollutants Biomonitoring in Peri-Urban Rivers in Kisumu City, Kenya, Using the African Catfish (Clarias gariepinus) as a Sentinel
260 ## - PUBLICATION, DISTRIBUTION, ETC.
Place of publication, distribution, etc. Kisii
Name of publisher, distributor, etc. Kisii University
Date of publication, distribution, etc. 2021
300 ## - PHYSICAL DESCRIPTION
Extent xxiv, 243p.:ill.
500 ## - GENERAL NOTE
General note Includes bibliographical references
650 ## - SUBJECT ADDED ENTRY
Topical term or geographic name entry element 1. Water—Pollution—Kenya—Kisumu. 2. Micropollutants—Environmental aspects. 3. Aquatic organisms—Effect of water pollution on. 4. Clarias gariepinus—Effect of water pollution. 5. Fish as bioindicators.
942 ## - ADDED ENTRY ELEMENTS (KOHA)
Source of classification or shelving scheme Library of Congress Classification
Koha item type Reference
Holdings
Withdrawn status Lost status Source of classification or shelving scheme Damaged status Not for loan Collection Home library Current library Date acquired Inventory number Total checkouts Full call number Barcode Date last seen Copy number Price effective from Koha item type
    Library of Congress Classification     Special Research Kisii University Library Kisii University Library 08/08/2025 109429   THE TD 427 .P63 A39 2025 000000024323 08/08/2025 C.1 08/08/2025 Reference